Diseño de abastecimiento de agua en la comunidad El Sincoyal, municipio de Morrito, Rio San Juan

Presenta el diseño de abastecimiento de agua en la comunidad El Sincoyal, municipio de Morrito, Rio San Juan en el cual se realizó un aforo y estudio de la calidad del agua así como un levantamiento topográfico en los diferentes tramos de la línea en estudio.

Bibliographic Details
Main Authors: Sobalvarro Velásquez, Maryuri Liseth, Tenorio Lorío, Escarleth Judith
Other Authors: Tutor: González Murillo, Manuel
Format: Tesis Section = Libro
Language:Undetermined
Spanish
Published: Managua UNI/RUACS 2018
Subjects:
LEADER 01169nam a2200277Ia 4500
008 240830s9999 xx 000 0 und d
040 |a BIBLIOTECA-RUPAP Mon 628.72 S677 
041 |a spa 
082 |a Mon 628.72 S677 
100 1 |a Sobalvarro Velásquez, Maryuri Liseth 
100 1 |b  Tenorio Lorío, Escarleth Judith 
245 1 0 |a Diseño de abastecimiento de agua en la comunidad El Sincoyal, municipio de Morrito, Rio San Juan 
260 |a Managua  |b UNI/RUACS  |c 2018 
300 |a 78 p. :il. 
500 |a Contiene anexos y CD 
502 |a Tesis (Ingeniero Civil)- UNI, 2018. 
520 3 |a Presenta el diseño de abastecimiento de agua en la comunidad El Sincoyal, municipio de Morrito, Rio San Juan en el cual se realizó un aforo y estudio de la calidad del agua así como un levantamiento topográfico en los diferentes tramos de la línea en estudio. 
650 7 |a AGUA POTABLE 
650 7 |b ABASTECIMIENTO DE AGUA - DISEÑO 
650 7 |c POZOS - DISEÑO 
650 7 |d TANQUES DE ALMACENAMIENTO DE AGUA 
650 7 |e RED DE DISTRIBUCION DE AGUA 
700 1 |a Tutor:  |b González Murillo, Manuel 
942 |c BK  |2 ddc 
991 |a TESIS 
999 |c 16586